Místa v síti /

Hlavní autor: Šikulová, Veronika, 1967-
Další autoři: Tučková, Kateřina, 1980-
Jazyk: Čeština
Vydáno: Praha : Argo, 2015
Vydání: Vydání první
Témata:
Fyzický popis: 312 stran ; 22 cm
Knihy
Uloženo v:
LEADER 01308nam a2200385 i 4500
001 nkc20142651794
003 CZ PrNK
005 20150731093046.0
007 ta
008 141222s2015 xr g 000 f cze
015 |a cnb002651794 
020 |a 978-80-257-1287-0  |q (vázáno) 
035 |a (OCoLC)918007290 
040 |a OLA001  |b cze  |d ABA001  |e rda 
041 1 |a cze  |h slo 
072 7 |a 821.162.4  |x Slovenská literatura  |2 Konspekt  |9 25 
080 |a 821.162.4-31  |2 MRF 
080 |a (0:82-31)  |2 MRF 
100 1 |a Šikulová, Veronika,  |d 1967-  |7 ola2002154007  |4 aut 
240 1 0 |a Miesta v sieti.  |l Česky 
245 1 0 |a Místa v síti /  |c Veronika Šikulová ; ze slovenského originálu Miesta v sieti ... přeložila Kateřina Tučková 
250 |a Vydání první 
264 1 |a Praha :  |b Argo,  |c 2015 
300 |a 312 stran ;  |c 22 cm 
336 |a text  |b txt  |2 rdacontent 
337 |a bez média  |b n  |2 rdamedia 
338 |a svazek  |b nc  |2 rdacarrier 
655 7 |a slovenské romány  |7 fd133450  |2 czenas 
655 9 |a Slovak fiction  |2 eczenas 
700 1 |a Tučková, Kateřina,  |d 1980-  |7 mzk2006348534  |4 trl 
910 2 |a BOA001  |b 2-1349.718 
990 |a BK 
995 |a 01 
991 |b 201507  |c NOV  |e b 
996 6 |b 2610638617  |c 2-1349.718  |l MZK  |r Sklad / do 1 hodiny  |n 5  |p p.v.  |w 001513759  |u 000010  |a 1  |e BOA001  |j MZK50  |s P